RICS Residential Lettings Market Survey (Record no. 118804)

MARC details
000 -LEADER
fixed length control field 03202cas a22004095a 4500
001 - CONTROL NUMBER
control field ##L129931
008 - FIXED-LENGTH DATA ELEMENTS--GENERAL INFORMATION
fixed length control field 050606c1997 xxkqr p 0 a0eng u
022 ## - INTERNATIONAL STANDARD SERIAL NUMBER
International Standard Serial Number 1465-1017
035 ## - SYSTEM CONTROL NUMBER
System control number (Sirsi) u129931
041 0# - LANGUAGE CODE
Language code of text/sound track or separate title eng
110 2# - MAIN ENTRY--CORPORATE NAME
Corporate name or jurisdiction name as entry element Royal Institution of Chartered Surveyors
9 (RLIN) 4900
240 00 - UNIFORM TITLE
Uniform title RICS Residential Lettings Survey Great Britain
245 00 - TITLE STATEMENT
Title RICS Residential Lettings Market Survey
Medium [electronic resource]
260 ## - PUBLICATION, DISTRIBUTION, ETC.
Place of publication, distribution, etc. London
Name of publisher, distributor, etc. RICS
Date of publication, distribution, etc. 1997-
362 0# - DATES OF PUBLICATION AND/OR SEQUENTIAL DESIGNATION
Dates of publication and/or sequential designation London: August/October 1997-
362 0# - DATES OF PUBLICATION AND/OR SEQUENTIAL DESIGNATION
Dates of publication and/or sequential designation Edinburgh: November 1997-
520 ## - SUMMARY, ETC.
Summary, etc. Quarterly survey of RICS members' opinions providing details of tenant demand, including for flats and houses and by type of tenant. News instructions are reported in the same way. Examines past rents, rent expectations, monthly rents and gross yields. Gives regional figures and a summary of market comments from chartered surveyors. Covers England, Wales and Scotland.
520 ## - SUMMARY, ETC.
Summary, etc. Issues from 2005 - 2012 are catalogued individually.
554 ## -
-- Four per year
650 24 - SUBJECT ADDED ENTRY--TOPICAL TERM
Topical term or geographic name entry element RICS RESIDENTIAL LETTINGS SURVEY GREAT BRITAIN
651 #4 - SUBJECT ADDED ENTRY--GEOGRAPHIC NAME
Geographic name Great Britain
Chronological subdivision 1707-
690 ## - LOCAL SUBJECT ADDED ENTRY--TOPICAL TERM (OCLC, RLIN)
Topical term or geographic name as entry element PROPERTY-RESIDENTIAL PROPERTY-RESIDENTIAL PROPERTY MARKET
856 48 - ELECTRONIC LOCATION AND ACCESS
Host name uhttp://
Public note View the lettings survey - October 2004 free of charge at www.rics.org...
Uniform Resource Identifier <a href="https://www.rics.org/Global/Downloads/ResidentialLettingsSurvey200407.pdf">https://www.rics.org/Global/Downloads/ResidentialLettingsSurvey200407.pdf</a>
856 48 - ELECTRONIC LOCATION AND ACCESS
Uniform Resource Identifier <a href="https://www.rics.org/Global/Downloads/ResidentialLettingsSurvey200401.pdf">https://www.rics.org/Global/Downloads/ResidentialLettingsSurvey200401.pdf</a>
Public note View the lettings survey - October 2004 free of charge at www.rics.org...
856 48 - ELECTRONIC LOCATION AND ACCESS
Uniform Resource Identifier <a href="https://www.rics.org/Global/Downloads/ResidentialLettingsSurvey200310.pdf">https://www.rics.org/Global/Downloads/ResidentialLettingsSurvey200310.pdf</a>
Public note View the lettings survey - July 2004 free of charge at www.rics.org...
856 48 - ELECTRONIC LOCATION AND ACCESS
Uniform Resource Identifier <a href="https://www.rics.org/Global/Downloads/ResidentialLettingsSurvey200307.pdf">https://www.rics.org/Global/Downloads/ResidentialLettingsSurvey200307.pdf</a>
Public note View the lettings survey - January 2004 free of charge at www.rics.org...
856 48 - ELECTRONIC LOCATION AND ACCESS
Uniform Resource Identifier <a href="https://www.rics.org/Global/Downloads/ResidentialLettingsSurvey200304.pdf">https://www.rics.org/Global/Downloads/ResidentialLettingsSurvey200304.pdf</a>
Public note View the lettings survey - October 2003 free of charge at www.rics.org...
856 48 - ELECTRONIC LOCATION AND ACCESS
Uniform Resource Identifier <a href="https://www.rics.org/Global/Downloads/ResidentialLettingsSurvey200301.pdf">https://www.rics.org/Global/Downloads/ResidentialLettingsSurvey200301.pdf</a>
Public note View the lettings survey - July 2003 free of charge at www.rics.org...
856 48 - ELECTRONIC LOCATION AND ACCESS
Uniform Resource Identifier <a href="https://www.rics.org/Global/Downloads/ResidentialLettingsSurvey200210.pdf">https://www.rics.org/Global/Downloads/ResidentialLettingsSurvey200210.pdf</a>
Public note View the lettings survey - April 2003 free of charge at www.rics.org...
856 48 - ELECTRONIC LOCATION AND ACCESS
Uniform Resource Identifier <a href="https://www.rics.org/Global/Downloads/ResidentialLettingsSurvey200207.pdf">https://www.rics.org/Global/Downloads/ResidentialLettingsSurvey200207.pdf</a>
Public note View the lettings survey - January 2003 free of charge at www.rics.org...
856 48 - ELECTRONIC LOCATION AND ACCESS
Uniform Resource Identifier <a href="https://www.rics.org/Global/Downloads/ResidentialLettingsSurvey200204.pdf">https://www.rics.org/Global/Downloads/ResidentialLettingsSurvey200204.pdf</a>
Public note View the lettings survey - October 2002 free of charge at www.rics.org...
856 48 - ELECTRONIC LOCATION AND ACCESS
Uniform Resource Identifier <a href="https://www.rics.org/Global/Downloads/LettingsMarketSurvey200201.pdf">https://www.rics.org/Global/Downloads/LettingsMarketSurvey200201.pdf</a>
Public note View the lettings survey - July 2002 free of charge at www.rics.org...
856 48 - ELECTRONIC LOCATION AND ACCESS
Uniform Resource Identifier <a href="https://www.rics.org/Global/Downloads/LettingsMarketSurvey200110.pdf">https://www.rics.org/Global/Downloads/LettingsMarketSurvey200110.pdf</a>
Public note View the lettings survey - April 2002 free of charge at www.rics.org...
856 48 - ELECTRONIC LOCATION AND ACCESS
Uniform Resource Identifier <a href=""></a>
Public note View the lettings survey - January 2002 free of charge at www.rics.org...
856 48 - ELECTRONIC LOCATION AND ACCESS
Uniform Resource Identifier <a href=""></a>
Public note View the lettings survey - October 2001 free of charge at www.rics.org...
942 ## - ADDED ENTRY ELEMENTS (KOHA)
Suppress in OPAC 0
Holdings
Withdrawn status Lost status Source of classification or shelving scheme Damaged status Not for loan Home library Current library Shelving location Date acquired Total Checkouts Full call number Barcode Date last seen Price effective from Koha item type
    Dewey Decimal Classification     London London Gallery 06/06/2005   RICS RESIDENTIAL LETTINGS SURVEY 129931-1001 06/08/2019 06/08/2019 Journal
    Dewey Decimal Classification     London London Basement 06/12/2007   RICS RESIDENTIAL LETTINGS SURVEY 129931-1002 06/08/2019 06/08/2019 Journal
    Dewey Decimal Classification     London London Basement 06/12/2007   RICS RESIDENTIAL LETTINGS SURVEY 129931-1003 06/08/2019 06/08/2019 Journal
    Dewey Decimal Classification     Virtual Virtual Online 15/08/2005   ONLINE PUBLICATION 129931-3001 06/08/2019 06/08/2019 Journal